| 000 | 00651pam a2200181 a 4500 | ||
|---|---|---|---|
| 020 | _a0821309439 (pbk.) | ||
| 022 | _a0821309439 | ||
| 082 | 0 | 0 |
_a388.4 _bARM _cL-18, P-30 |
| 100 | 2 |
_aArmstrong-Wright, Alan, _938687 |
|
| 245 | 1 | 0 |
_aBus services : _breducing costs, raising standards / _cAlan Armstrong-Wright and Sebastien Thiriez. |
| 260 |
_aWashington, D.C. : _bWorld Bank, _c1987. |
||
| 300 |
_ax, 97 p. ; _c28 cm. |
||
| 526 |
_a0 _b0 _c0 _d388_400000000000000_ARM |
||
| 650 | 0 |
_aBus lines _zDeveloping countries. _938688 |
|
| 650 | 0 |
_aTransportation and state _zDeveloping countries. _920797 |
|
| 700 | 1 |
_aThiriez, Sebastien, _938689 |
|
| 942 |
_2ddc _cBK |
||
| 999 |
_c543342 _d543342 |
||